000 00457nam a2200169Ia 4500
008 210719s2007 xx 000 0 und d
041 _aeng
082 _a001.64 DSOP
100 _aDSOUZA (Glenn)
245 _aPurchase management softwarer
260 _aMangalore
_bDepartment of Computer Science St Aloysius College
_c2007
300 _a148
_bHB
365 _cRs
650 _aComputer Science
650 _aProject Reports
906 _aB C A Project
999 _c214953
_d214953